One-Letter International Vehicle Registration Codes - Statistics

General Stats
  • This quiz has been taken 13 times
  • The average score is 14 of 18
Answer Stats
Letter Country % Correct
A Austria
100%
B Belgium
100%
F France
100%
D Germany
92%
H Hungary
92%
J Japan
92%
Q Qatar
92%
I Italy
83%
L Luxembourg
83%
S Sweden
83%
Z Zambia
83%
N Norway
75%
P Portugal
75%
E Spain
75%
V Vatican City
67%
T Thailand
58%
M Malta
50%
G Gabon
42%
No matching quizzes found
Score Distribution
Percent of People with Each Score
Percentile by Number Answered
Your Score History
You have not taken this quiz